Zavádzanie environmentálnych daní ako hybná sila ekonomického rastu krajiny
Predkladaný príspevok, popisuje a hlbšie skúma možnosti zavedenia nových environmentálnych daní v Slovenskej republike. Na modelových príkladoch uplatňovaných environmentálnych daní z Holandska a Grécka a ich bližšej analýze ukazuje možnosť uplatňovania takýchto daní u nás.
Na minha lista:
| Autor principal: | |
|---|---|
| Formato: | Capítulo de Livro |
| Idioma: | eslovaco |
| Assuntos: | |
| Tags: |
Sem tags, seja o primeiro a adicionar uma tag!
|
MARC
| LEADER | 00000naa$a2200000$$$4500 | ||
|---|---|---|---|
| 001 | 0306069 | ||
| 005 | 20250127094711.7 | ||
| 041 | 0 | |a slo | |
| 044 | |a SK | ||
| 245 | 1 | 0 | |a Zavádzanie environmentálnych daní ako hybná sila ekonomického rastu krajiny |c Juraj Válek |
| 520 | |a Predkladaný príspevok, popisuje a hlbšie skúma možnosti zavedenia nových environmentálnych daní v Slovenskej republike. Na modelových príkladoch uplatňovaných environmentálnych daní z Holandska a Grécka a ich bližšej analýze ukazuje možnosť uplatňovania takýchto daní u nás. | ||
| 610 | 2 | 0 | |a dane |
| 610 | 2 | 0 | |a environmentalistika |
| 610 | 2 | 0 | |a rast hospodársky |
| 610 | 2 | 0 | |a štát |
| 610 | 2 | 0 | |a zdaňovanie |
| 100 | 1 | |a Válek, Juraj, 1981- | |